[Event "DEM U12 2016"]
[Site "Willingen GER"]
[Date "2016.05.16"]
[Round "3"]
[White "Post, Hugo"]
[Black "Lommel, Hagen"]
[Result "1-0"]
[Termination "normal"]
[Board "12"]
[WhiteElo "1869"]
[BlackElo "1619"]
[PlyCount "71"]
[WhiteFideId "12962490"]
[BlackFideId "12972380"]
[EventCountry "GER"]
[EventRounds "11"]
[EventType "swiss"]
[EventDate "2016.05.14"]

1. e4 c5 2. Nf3 e6 3. d4 cxd4 4. Nxd4 a6 5. Bd3 Nf6 6. c4 Qc7 7. O-O g6 8. Qe2
d6 9. Nc3 Bg7 10. Bd2 O-O 11. Kh1 b6 12. f4 Bb7 13. f5 Nfd7 14. Nf3 Nc5 15. Bc2
Nc6 16. Bg5 exf5 17. Nd5 Qb8 18. exf5 Re8 19. Qf2 Ne5 20. Ne7+ Rxe7 21. Bxe7
Bxf3 22. gxf3 Ncd3 23. Bxd3 Nxd3 24. Qd2 Nxb2 25. f6 Nxc4 26. Qc3 Ne5 27. fxg7
Ra7 28. Bf6 Rc7 29. Qe3 Rc2 30. Rae1 Rc5 31. f4 Qa8+ 32. Kg1 Rc2 33. Qe4 Qc8
34. fxe5 dxe5 35. Rd1 Qc5+ 36. Kh1 1-0

[Event "DEM U12 2016"]
[Site "Willingen GER"]
[Date "2016.05.16"]
[Round "3"]
[White "Parshykov, Edgar"]
[Black "Hinrichs, Paul"]
[Result "1/2-1/2"]
[Termination "normal"]
[Board "13"]
[WhiteElo "1599"]
[BlackElo "1795"]
[PlyCount "140"]
[WhiteFideId "16222458"]
[BlackFideId "12942545"]
[EventCountry "GER"]
[EventRounds "11"]
[EventType "swiss"]
[EventDate "2016.05.14"]

1. e4 e5 2. d4 exd4 3. Qxd4 Nc6 4. Qe3 Bb4+ 5. Bd2 Qe7 6. Nc3 Nf6 7. f3 d6 8.
O-O-O Be6 9. Kb1 O-O-O 10. Bb5 Bc5 11. Qe1 Nd4 12. Ba4 a6 13. Be3 Nc6 14. Bxc6
bxc6 15. Bxc5 dxc5 16. Nge2 Rxd1+ 17. Qxd1 Rd8 18. Qg1 Qd6 19. Qe3 Nd7 20. f4
Nb6 21. b3 c4 22. f5 Bd7 23. Qg3 cxb3 24. axb3 Qxg3 25. Nxg3 c5 26. Rd1 Re8 27.
Nh5 g6 28. Nf6 Re7 29. Nxd7 Rxd7 30. Rxd7 Kxd7 31. fxg6 fxg6 32. Kc1 Ke6 33.
Kd2 c4 34. b4 Ke5 35. Ke3 c6 36. g3 Nd7 37. h3 Nb6 38. g4 g5 39. Kf3 Kd4 40.
Ne2+ Ke5 41. Nc3 Nd7 42. Ke3 c5 43. b5 axb5 44. Nxb5 Nf6 45. Nc3 Ne8 46. Na4
Kd6 47. c3 Kc6 48. Nb2 Nd6 49. Kf3 Kd7 50. Na4 Kc6 51. e5 Nc8 52. Ke4 Ne7 53.
Nb2 Nd5 54. Kf5 Nxc3 55. Nxc4 h6 56. e6 Nb5 57. Kf6 Nc7 58. Ke5 Kb5 59. Nd6+
Kb4 60. e7 c4 61. Nxc4 Kxc4 62. Kf6 Kd5 63. Kg6 Ke6 64. Kxh6 Kxe7 65. Kxg5 Kf7
66. h4 Ne6+ 67. Kf5 Nd4+ 68. Kg5 Nf3+ 69. Kh5 Kg7 70. g5 Ne5 1/2-1/2

[Event "DEM U12 2016"]
[Site "Willingen GER"]
[Date "2016.05.16"]
[Round "3"]
[White "Wensing, Jonathan"]
[Black "Lutz, Ruben"]
[Result "1/2-1/2"]
[Termination "normal"]
[Board "14"]
[WhiteElo "1578"]
[BlackElo "1693"]
[PlyCount "65"]
[WhiteFideId "16222482"]
[BlackFideId "12975974"]
[EventCountry "GER"]
[EventRounds "11"]
[EventType "swiss"]
[EventDate "2016.05.14"]

1. e4 e6 2. d4 d5 3. Nc3 Nf6 4. e5 Nfd7 5. f4 c5 6. Nf3 Nc6 7. Be3 Be7 8. Qd2
O-O 9. h4 cxd4 10. Nxd4 Nxd4 11. Bxd4 f6 12. O-O-O fxe5 13. fxe5 Nc5 14. g4 Bd7
15. g5 b5 16. Nxd5 Bc6 17. Nxe7+ Qxe7 18. Rh2 Rac8 19. Bh3 Bd5 20. Kb1 Qb7 21.
Rf2 Ne4 22. Rxf8+ Rxf8 23. Qa5 Qf7 24. Qxb5 Qf3 25. Qd3 Qh5 26. b3 Nf2 27. Bxf2
Rxf2 28. Rf1 Qxh4 29. c4 Rxf1+ 30. Qxf1 Qe4+ 31. Kc1 Qe3+ 32. Kc2 Qe4+ 33. Kb2
1/2-1/2

[Event "DEM U12 2016"]
[Site "Willingen GER"]
[Date "2016.05.16"]
[Round "3"]
[White "Evering, Sören"]
[Black "Hetzner, Hannes"]
[Result "0-1"]
[Termination "normal"]
[Board "15"]
[WhiteElo "1844"]
[BlackElo "1319"]
[PlyCount "86"]
[WhiteFideId "12974650"]
[BlackFideId "16211936"]
[EventCountry "GER"]
[EventRounds "11"]
[EventType "swiss"]
[EventDate "2016.05.14"]

1. d4 e6 2. Nf3 d5 3. c4 c5 4. cxd5 exd5 5. e3 Bg4 6. Be2 Nc6 7. O-O cxd4 8.
exd4 Bd6 9. Re1 Nge7 10. Nc3 O-O 11. h3 Bh5 12. Be3 Qc7 13. Nb5 Qd7 14. Nxd6
Qxd6 15. a3 Nf5 16. Bd2 Bxf3 17. Bxf3 Nfxd4 18. Be3 Nxf3+ 19. Qxf3 Ne5 20. Qg3
Nc4 21. Bf4 Qg6 22. Qf3 Nxb2 23. Reb1 Nd3 24. Rxb7 Nxf4 25. Qxf4 Qa6 26. Rbb1
Qc4 27. Qd2 Rfe8 28. Rc1 Re2 29. Qd1 Qe4 30. Rab1 Re8 31. Qb3 Qd4 32. Rf1 Qc4
33. Qf3 Qe4 34. Qg3 h6 35. Rbd1 Re6 36. Qb8+ Kh7 37. Qxa7 Rg6 38. g4 Rxg4+ 39.
hxg4 Qxg4+ 40. Kh2 Re5 41. Qxf7 Qh4+ 42. Kg2 Rg5+ 43. Kf3 Qe4# 0-1

[Event "DEM U12 2016"]
[Site "Willingen GER"]
[Date "2016.05.16"]
[Round "3"]
[White "Kirchner, Markus"]
[Black "Pubantz, Jan"]
[Result "1/2-1/2"]
[Termination "normal"]
[Board "17"]
[WhiteElo "1642"]
[BlackElo "1551"]
[PlyCount "60"]
[WhiteFideId "12979163"]
[BlackFideId "12996114"]
[EventCountry "GER"]
[EventRounds "11"]
[EventType "swiss"]
[EventDate "2016.05.14"]

1. e4 g6 2. d4 Bg7 3. Nc3 d6 4. f4 a6 5. Nf3 b5 6. Bd3 Nd7 7. e5 c5 8. Ng5 cxd4
9. e6 f5 10. Nd5 Nc5 11. Nf7 Bxe6 12. Nxd8 Bxd5 13. b4 Nd7 14. O-O Rxd8 15. a4
Bc4 16. axb5 axb5 17. Bb2 e5 18. Re1 Ne7 19. Qe2 Bxd3 20. cxd3 O-O 21. Bxd4 Nc6
22. Bc3 Ra8 23. Rxa8 Rxa8 24. Qb2 Nb6 25. fxe5 Nxe5 26. Qb3+ Kh8 27. Qe6 Nf3+
28. gxf3 Bxc3 29. Rb1 Be5 30. Kh1 Rc8 1/2-1/2

[Event "DEM U12 2016"]
[Site "Willingen GER"]
[Date "2016.05.16"]
[Round "3"]
[White "Hassemeier, Mika"]
[Black "Deutsch, Christoph"]
[Result "1/2-1/2"]
[Termination "normal"]
[Board "18"]
[WhiteElo "1769"]
[BlackElo "1663"]
[PlyCount "72"]
[WhiteFideId "12994880"]
[BlackFideId "16206878"]
[EventCountry "GER"]
[EventRounds "11"]
[EventType "swiss"]
[EventDate "2016.05.14"]

1. e4 e5 2. Nf3 Nc6 3. Bc4 Bc5 4. c3 Nf6 5. d3 d6 6. Bb3 Be6 7. Nbd2 O-O 8. Nf1
d5 9. Ng3 dxe4 10. dxe4 Qxd1+ 11. Bxd1 a5 12. O-O Bc4 13. Re1 Ng4 14. Nh1 Rad8
15. h3 Nf6 16. Ng3 Rd7 17. Bg5 Rfd8 18. Bc2 Bd3 19. Bxd3 Rxd3 20. Bxf6 gxf6 21.
Nh5 R8d6 22. Ng3 Ne7 23. Rab1 Bb6 24. Kf1 Rd7 25. Nh5 R7d6 26. Ng3 Kf8 27. Rbc1
Rd7 28. Nh5 R7d6 29. Rc2 Ng6 30. Nh2 Ne7 31. Ng4 Ng8 32. a4 Rd2 33. Rxd2 Rxd2
34. Re2 Rd1+ 35. Re1 Rd2 36. Rb1 Ke7 1/2-1/2

[Event "DEM U12 2016"]
[Site "Willingen GER"]
[Date "2016.05.16"]
[Round "3"]
[White "Breitzmann, Sander"]
[Black "Maas, Kolja"]
[Result "1-0"]
[Termination "normal"]
[Board "19"]
[WhiteElo "1582"]
[BlackElo "1432"]
[PlyCount "53"]
[WhiteFideId "12987085"]
[BlackFideId "16220420"]
[EventCountry "GER"]
[EventRounds "11"]
[EventType "swiss"]
[EventDate "2016.05.14"]

1. e4 e6 2. d4 d5 3. Nc3 dxe4 4. Nxe4 Qd5 5. Nc3 Bb4 6. a3 Bxc3+ 7. bxc3 Nc6 8.
Nf3 Nf6 9. Bd3 h6 10. a4 O-O 11. O-O e5 12. c4 Qd8 13. dxe5 Nd7 14. Bb2 Re8 15.
Rb1 Ndxe5 16. Nxe5 Nxe5 17. Bxe5 c6 18. c5 Qg5 19. Bd6 Bg4 20. Qc1 Qd5 21. Qf4
Bc8 22. Bc4 Qh5 23. Rfe1 Rd8 24. h3 g5 25. Qf6 Bd7 26. Re7 a6 27. Bxf7+ 1-0

[Event "DEM U12 2016"]
[Site "Willingen GER"]
[Date "2016.05.16"]
[Round "3"]
[White "Simukov, Erik"]
[Black "Wu, Luka"]
[Result "0-1"]
[Termination "normal"]
[Board "20"]
[WhiteElo "1518"]
[BlackElo "1777"]
[PlyCount "100"]
[WhiteFideId "12995380"]
[BlackFideId "12977420"]
[EventCountry "GER"]
[EventRounds "11"]
[EventType "swiss"]
[EventDate "2016.05.14"]

1. e4 c5 2. Nf3 d6 3. d4 cxd4 4. Nxd4 Nf6 5. Nc3 g6 6. Be3 Bg7 7. Be2 a6 8. O-O
O-O 9. Qd2 Nc6 10. Rad1 Ng4 11. Nxc6 bxc6 12. Bf4 Rb8 13. b3 Qa5 14. Na4 Qxd2
15. Bxd2 Nf6 16. Nc3 Bb7 17. f3 Nd7 18. Rfe1 d5 19. Bf1 e6 20. Nb1 d4 21. Na3
c5 22. Nc4 Ra8 23. b4 Rfc8 24. Rb1 cxb4 25. Bxb4 Bc6 26. Bd3 Bb5 27. Nd6 Rc6
28. Nxb5 axb5 29. a3 Rb8 30. Red1 Ne5 31. f4 Nxd3 32. Rxd3 Rxc2 33. e5 Rc4 34.
Bd6 Rbc8 35. Rxb5 Bh6 36. g3 g5 37. Rf3 Rc3 38. Rb3 Rc2 39. Rf2 R2c3 40. Rf3
Rxb3 41. Rxb3 gxf4 42. gxf4 Bxf4 43. Rd3 Rc3 44. Rd1 d3 45. Kf1 Kg7 46. Ke1 Kg6
47. a4 Kf5 48. a5 Ke4 49. a6 Be3 50. Ra1 d2+ 0-1

[Event "DEM U12 2016"]
[Site "Willingen GER"]
[Date "2016.05.16"]
[Round "3"]
[White "Kosev, Momchil"]
[Black "Kanzow, Alexander"]
[Result "1-0"]
[Termination "normal"]
[Board "21"]
[WhiteElo "1778"]
[BlackElo "1421"]
[PlyCount "103"]
[WhiteFideId "12975982"]
[BlackFideId "16225414"]
[EventCountry "GER"]
[EventRounds "11"]
[EventType "swiss"]
[EventDate "2016.05.14"]

{<<<<<<<  mine} 1. Nf3 1... d5 2. g3 Bf5 3. Bg2 e6 4. c4 c6 5. O-O Nf6 6. d4
Bd6 7. Nc3 Nbd7 8. h3 h6 9. b3 g5 10. Nd2 Bb4 11. Bb2 Bxc3 12. Bxc3 Rh7 13. Re1
Qc7 14. e4 dxe4 15. Nxe4 Nxe4 16. Bxe4 Bxe4 17. Rxe4 O-O-O 18. Qc2 Nf6 19. Ree1
Rg7 20. d5 Qe7 21. d6 Rxd6 22. Bb4 Rg8 23. Bxd6 Qxd6 24. Rad1 Qe7 25. Qd2 Rd8
26. Qe2 Rxd1 27. Rxd1 Nd7 28. Qe3 b6 29. Qd4 f6 30. Kg2 Kc7 31. Qd3 c5 32. Qf3
Qe8 33. a4 a5 34. Qd3 Qe7 35. Qe4 Qe8 36. Qh7 Qa8+ 37. f3 Qc6 38. Qxh6 Kb7 39.
Qh7 Kc7 40. Qe4 Qxe4 41. fxe4 Kd8 42. Kf3 Ke7 43. h4 Ne5+ 44. Ke3 Ng4+ 45. Ke2
gxh4 46. gxh4 f5 47. exf5 exf5 48. Kf3 Ke6 49. Kf4 Nf6 50. Re1+ Ne4 51. Rxe4+
fxe4 52. Kxe4 1-0

[Event "DEM U12 2016"]
[Site "Willingen GER"]
[Date "2016.05.16"]
[Round "3"]
[White "Do, Nam"]
[Black "Riemann, Jonas"]
[Result "1-0"]
[Termination "normal"]
[Board "22"]
[WhiteElo "1890"]
[BlackElo "1408"]
[PlyCount "81"]
[WhiteFideId "12998885"]
[BlackFideId "12977462"]
[EventCountry "GER"]
[EventRounds "11"]
[EventType "swiss"]
[EventDate "2016.05.14"]

1. e4 e6 2. d4 d5 3. e5 c5 4. c3 Nc6 5. Nf3 cxd4 6. cxd4 Nge7 7. Na3 Nf5 8. Nc2
Bd7 9. Be2 Qb6 10. O-O Be7 11. Rb1 O-O 12. g4 Nh4 13. Nxh4 Bxh4 14. Bd3 f6 15.
exf6 Bxf6 16. Be3 Qc7 17. g5 Be8 18. gxf6 Rxf6 19. Bg5 Rf8 20. Qg4 Qf7 21. Rbe1
Bd7 22. Qh4 g6 23. Re3 Rfe8 24. Bf4 e5 25. Bxe5 Nxe5 26. dxe5 Bf5 27. Bxf5 Qxf5
28. Nd4 Qd7 29. e6 Qe7 30. Qxe7 Rxe7 31. Rc1 Rd8 32. Rc5 Rd6 33. Re5 Rb6 34.
Rexd5 Rbxe6 35. Nxe6 Rxe6 36. Rd7 Re8 37. Rcc7 h5 38. Rxb7 Re1+ 39. Kg2 Re8 40.
Rg7+ Kf8 41. Rbf7# 1-0

[Event "DEM U12 2016"]
[Site "Willingen GER"]
[Date "2016.05.16"]
[Round "3"]
[White "Pauls, Fynn"]
[Black "Marzisch, Darius"]
[Result "1-0"]
[Termination "normal"]
[Board "23"]
[WhiteElo "1726"]
[BlackElo "1493"]
[PlyCount "35"]
[WhiteFideId "16213149"]
[BlackFideId "12997480"]
[EventCountry "GER"]
[EventRounds "11"]
[EventType "swiss"]
[EventDate "2016.05.14"]

1. Nf3 Nf6 2. g3 g6 3. Bg2 Bg7 4. d4 O-O 5. O-O d6 6. c4 Nbd7 7. Qc2 e5 8. Rd1
Qe7 9. e4 Ne8 10. Nc3 f5 11. Bg5 Bf6 12. Nd5 Qg7 13. exf5 Bxg5 14. Nxg5 Rxf5
15. Ne6 Qf7 16. Nexc7 Nxc7 17. Nxc7 Rb8 18. Bd5 1-0

[Event "DEM U12 2016"]
[Site "Willingen GER"]
[Date "2016.05.16"]
[Round "3"]
[White "Röhr, Oliver"]
[Black "Kolb, Tobias"]
[Result "0-1"]
[Termination "normal"]
[Board "24"]
[WhiteElo "1739"]
[BlackElo "1535"]
[PlyCount "52"]
[WhiteFideId "12987697"]
[BlackFideId "12992321"]
[EventCountry "GER"]
[EventRounds "11"]
[EventType "swiss"]
[EventDate "2016.05.14"]

1. Nf3 Nc6 2. d4 d5 3. e3 Bg4 4. Be2 e6 5. h3 Bh5 6. Bd2 Nf6 7. O-O Bd6 8. Nc3
O-O 9. Nh2 Bxe2 10. Qxe2 Re8 11. Ng4 Nxg4 12. Qxg4 Qf6 13. e4 Qxd4 14. exd5
Qxd2 15. dxc6 bxc6 16. Ne4 Qf4 17. Qxf4 Bxf4 18. Rfd1 Red8 19. Kf1 Be5 20. c3
Rd5 21. Ke2 Rad8 22. Nc5 Rb8 23. Nd7 Rxb2+ 24. Ke3 Bxc3 25. Rxd5 cxd5 26. Rc1
Bd2+ 0-1

[Event "DEM U12 2016"]
[Site "Willingen GER"]
[Date "2016.05.16"]
[Round "3"]
[White "Popist, Florian"]
[Black "Yüksel, Baran"]
[Result "1/2-1/2"]
[Termination "normal"]
[Board "25"]
[WhiteElo "1689"]
[BlackElo "1351"]
[PlyCount "68"]
[WhiteFideId "16203518"]
[BlackFideId "12998710"]
[EventCountry "GER"]
[EventRounds "11"]
[EventType "swiss"]
[EventDate "2016.05.14"]

1. e4 e5 2. Nf3 Nf6 3. Nc3 Bb4 4. Nxe5 d6 5. Nf3 Bxc3 6. dxc3 Nxe4 7. Bd3 Nf6
8. Be3 O-O 9. O-O Nc6 10. h3 h6 11. Re1 Re8 12. Bd2 Rxe1+ 13. Qxe1 Be6 14. Nd4
Nxd4 15. cxd4 Qd7 16. Qe3 Re8 17. Qf3 Bd5 18. Qg3 Nh5 19. Qg4 Qxg4 20. hxg4 Nf6
21. f3 a6 22. Kf2 b5 23. a4 c6 24. axb5 axb5 25. Bb4 Rd8 26. Ra6 Ne8 27. Ba5
Rb8 28. b4 g6 29. g3 Kf8 30. c3 Rc8 31. Ke3 Rb8 32. Be4 Bxe4 33. Kxe4 Nf6+ 34.
Kd3 Rc8 1/2-1/2

[Event "DEM U12 2016"]
[Site "Willingen GER"]
[Date "2016.05.16"]
[Round "3"]
[White "Tham, Minh"]
[Black "Ewerhardy, Moritz"]
[Result "1-0"]
[Termination "normal"]
[Board "26"]
[WhiteElo "1737"]
[BlackElo "1382"]
[PlyCount "63"]
[WhiteFideId "12997323"]
[BlackFideId "36052086"]
[EventCountry "GER"]
[EventRounds "11"]
[EventType "swiss"]
[EventDate "2016.05.14"]

1. e4 c5 2. Nf3 d6 3. d4 cxd4 4. c3 dxc3 5. Nxc3 Nc6 6. Bc4 a6 7. O-O Nf6 8.
Qe2 g6 9. Rd1 Qc7 10. Bf4 Nd7 11. Rac1 Bg7 12. Nd5 Qd8 13. Bb3 O-O 14. Bg5 Re8
15. Nc3 Nde5 16. Bf4 Bg4 17. Qe3 Nxf3+ 18. gxf3 Bd7 19. Bh6 Bh8 20. Rd2 Ne5 21.
Nd5 Qa5 22. Rdc2 Bc6 23. h3 e6 24. Nb6 Rad8 25. f4 Nd7 26. Nc4 Qh5 27. f5 Nf6
28. fxg6 Qxg6+ 29. Kh2 Bg7 30. Rg1 Qxe4 31. Bxg7 Nh5 32. Bf6+ 1-0

[Event "DEM U12 2016"]
[Site "Willingen GER"]
[Date "2016.05.16"]
[Round "3"]
[White "Schille, Hannes"]
[Black "Zwecker, Hagen"]
[Result "1-0"]
[Termination "normal"]
[Board "27"]
[WhiteElo "1629"]
[BlackElo "1325"]
[PlyCount "111"]
[WhiteFideId "16206053"]
[BlackFideId "12991007"]
[EventCountry "GER"]
[EventRounds "11"]
[EventType "swiss"]
[EventDate "2016.05.14"]

1. d4 e6 2. c4 f5 3. Nf3 Nf6 4. Bg5 d5 5. Nc3 c6 6. e3 Be7 7. Bd3 Nbd7 8. O-O
h6 9. Bh4 g5 10. Bg3 Ne4 11. Bxe4 dxe4 12. Ne5 Nxe5 13. Bxe5 O-O 14. Qh5 Bf6
15. Qg6+ Kh8 16. Qxh6+ Kg8 17. Bxf6 Qxf6 18. Qxf6 Rxf6 19. f3 exf3 20. gxf3 Kf7
21. e4 Bd7 22. e5 Rh6 23. Rf2 Rah8 24. Rg2 Ke8 25. Rd1 g4 26. fxg4 fxg4 27. Ne4
Ke7 28. Rd3 b6 29. b4 Be8 30. Nf6 Bg6 31. Rdg3 Bf5 32. Nxg4 Bxg4 33. Rxg4 Rf8
34. Rg7+ Rf7 35. Rxf7+ Kxf7 36. Rg4 Rh3 37. Rg3 Rh4 38. Rd3 Ke7 39. h3 c5 40.
bxc5 bxc5 41. d5 exd5 42. cxd5 c4 43. d6+ Kd8 44. Re3 Rd4 45. Kf2 a5 46. Ke2
Kd7 47. e6+ Ke8 48. d7+ Ke7 49. a4 c3 50. Rxc3 Re4+ 51. Re3 Rxa4 52. Rd3 Re4+
53. Kf3 Rxe6 54. d8=Q+ Kf7 55. Rd7+ Kg6 56. Rd6 1-0

[Event "DEM U12 2016"]
[Site "Willingen GER"]
[Date "2016.05.16"]
[Round "3"]
[White "Kostanyan, Hakob"]
[Black "Stahnecker, Hagen"]
[Result "1-0"]
[Termination "normal"]
[Board "28"]
[WhiteElo "1604"]
[BlackElo "1316"]
[PlyCount "65"]
[WhiteFideId "12977683"]
[BlackFideId "16225422"]
[EventCountry "GER"]
[EventRounds "11"]
[EventType "swiss"]
[EventDate "2016.05.14"]

1. e4 e5 2. Nf3 Nc6 3. d4 exd4 4. Bc4 d6 5. Nxd4 Ne5 6. Bb3 Nf6 7. Nc3 c6 8.
Qe2 Be7 9. Bd2 Bd7 10. f4 Ng6 11. h3 Qc7 12. O-O-O a6 13. Nf3 Nh5 14. f5 Ngf4
15. Bxf4 Nxf4 16. Qd2 Nh5 17. g4 Nf6 18. Rhe1 Rd8 19. Qg5 O-O 20. Qf4 Ne8 21.
g5 Kh8 22. h4 d5 23. Qxc7 Nxc7 24. exd5 Bd6 25. dxc6 Bf4+ 26. Kb1 bxc6 27. Ne2
Be3 28. Ne5 Nd5 29. Bxd5 cxd5 30. Rxd5 Rde8 31. Nxd7 Bf2 32. Rf1 Rxe2 33. Nxf8
1-0

[Event "DEM U12 2016"]
[Site "Willingen GER"]
[Date "2016.05.16"]
[Round "3"]
[White "Krause, Marc"]
[Black "Karl, Simon"]
[Result "0-1"]
[Termination "normal"]
[Board "29"]
[WhiteElo "1535"]
[BlackElo "1451"]
[PlyCount "134"]
[WhiteFideId "12985724"]
[BlackFideId "16217985"]
[EventCountry "GER"]
[EventRounds "11"]
[EventType "swiss"]
[EventDate "2016.05.14"]

1. d4 Nf6 2. c4 g6 3. Nc3 Bg7 4. e4 d6 5. Nf3 O-O 6. Bd3 Nbd7 7. O-O e5 8. d5
Nc5 9. b4 Nxd3 10. Qxd3 Bg4 11. h3 Bxf3 12. Qxf3 Nd7 13. a4 f5 14. Qe2 fxe4 15.
Nxe4 Nf6 16. Ng5 Qd7 17. Ne6 Rf7 18. Bg5 c6 19. Nxg7 Kxg7 20. Bxf6+ Rxf6 21.
dxc6 Qxc6 22. f3 Rf4 23. Rfd1 Rd8 24. c5 Rxb4 25. cxd6 Qc5+ 26. Kh1 Rxd6 27.
Rdc1 Qa5 28. Qe1 Rdd4 29. Rcb1 Qc5 30. Rc1 Qd6 31. Qc3 Rxa4 32. Rxa4 Rxa4 33.
Qc7+ Qxc7 34. Rxc7+ Kf6 35. Rxb7 h5 36. Kg1 a5 37. Rb2 Kf5 38. Kf2 Ra3 39. Rc2
a4 40. Rd2 Rb3 41. Ra2 a3 42. Ra1 e4 43. fxe4+ Kxe4 44. Re1+ Kd4 45. Re6 Rb2+
46. Kf3 a2 47. Ra6 Ke5 48. g4 hxg4+ 49. Kxg4 Ke4 50. Kg5 Rg2+ 51. Kf6 g5 52.
Ra4+ Kf3 53. Ra3+ Ke4 54. Ra4+ Kd3 55. Ra3+ Kc4 56. Rxa2 Rxa2 57. Kxg5 Ra6 58.
h4 Kd5 59. Kf5 Kd6 60. Kf6 Kd7+ 61. Kg7 Ra5 62. Kg6 Ke7 63. h5 Kf8 64. h6 Kg8
65. h7+ Kh8 66. Kh6 Ra1 67. Kg6 Rh1 0-1

[Event "DEM U12 2016"]
[Site "Willingen GER"]
[Date "2016.05.16"]
[Round "3"]
[White "Jakob, Georg"]
[Black "Jeschke, Jan"]
[Result "0-1"]
[Termination "normal"]
[Board "30"]
[WhiteElo "1533"]
[BlackElo "1167"]
[PlyCount "120"]
[WhiteFideId "16224221"]
[BlackFideId "16225430"]
[EventCountry "GER"]
[EventRounds "11"]
[EventType "swiss"]
[EventDate "2016.05.14"]

1. e4 e5 2. Nf3 Nc6 3. Bb5 d6 4. d4 Bg4 5. d5 a6 6. dxc6 axb5 7. cxb7 Ra6 8.
Qd3 Rb6 9. Be3 Rxb7 10. Qd5 Rb8 11. Nbd2 Nf6 12. Qd3 Be7 13. h3 Be6 14. b3 c5
15. c4 b4 16. O-O h6 17. Qc2 Qd7 18. Rfd1 Rd8 19. Nb1 Qc8 20. a4 bxa3 21. Rxa3
O-O 22. Nc3 Qb7 23. Rda1 Ra8 24. Nd2 Rxa3 25. Rxa3 Ra8 26. Qa2 Rxa3 27. Qxa3
Kh7 28. f3 g5 29. Ndb1 Kg6 30. Nb5 Ne8 31. N1c3 f5 32. exf5+ Kxf5 33. Ne4 h5
34. g4+ hxg4 35. hxg4+ Kg6 36. Qa2 Bxg4 37. Qc2 Bf5 38. Qd3 Bxe4 39. Qxe4+ Qxe4
40. fxe4 Nf6 41. Nc3 Bd8 42. Bd2 Ba5 43. Nb1 Bxd2 44. Nxd2 g4 45. Kf2 Kg5 46.
Ke3 Kh4 47. Kf2 Kh3 48. Kg1 g3 49. Kh1 Nh5 50. Kg1 Nf4 51. Nf3 Ne2+ 52. Kf1 Nc1
53. Ng5+ Kg4 54. Nf7 Nxb3 55. Nxd6 Nd2+ 56. Ke2 Nb3 57. Nf7 Kf4 58. Nd6 Nd4+
59. Kf1 Kf3 60. Kg1 Ne2+ 0-1

[Event "DEM U12 2016"]
[Site "Willingen GER"]
[Date "2016.05.18"]
[Round "6"]
[White "Yi, Danny"]
[Black "Post, Hugo"]
[Result "0-1"]
[Termination "normal"]
[Board "2"]
[WhiteElo "1863"]
[BlackElo "1869"]
[WhiteClock "00:07:32"]
[BlackClock "00:15:46"]
[PlyCount "96"]
[WhiteFideId "12988588"]
[BlackFideId "12962490"]
[EventCountry "GER"]
[EventRounds "11"]
[EventType "swiss"]
[EventDate "2016.05.14"]

1. e4 c5 2. Nf3 d6 3. Bb5+ Nc6 4. O-O e5 5. d3 Nf6 6. Bg5 Be7 7. c3 h6 8. Bxf6
Bxf6 9. Nbd2 O-O 10. Qe2 Be6 11. Rfe1 Ne7 12. Nf1 Ng6 13. g3 a6 14. Ba4 Qc8 15.
Ne3 Bh3 16. Nd2 Kh8 17. Nd5 b5 18. Bb3 Rb8 19. Kh1 Bg5 20. Rg1 f5 21. Bd1 f4
22. f3 fxg3 23. Rxg3 Nf4 24. Nxf4 Bxf4 25. Rg1 g5 26. Nf1 Bxf1 27. Qxf1 Qd7 28.
Be2 Rf6 29. Qf2 Rbf8 30. Qg2 h5 31. Rae1 Bd2 32. Rd1 Be3 33. Rgf1 Rg8 34. Rde1
Bf4 35. Bd1 Rfg6 36. Rg1 Rh6 37. h3 Qe6 38. Bb3 c4 39. dxc4 bxc4 40. Bd1 Rgg6
41. b3 g4 42. fxg4 hxg4 43. Bxg4 Rxg4 44. Qf3 Rxg1+ 45. Kxg1 Rxh3 46. Qe2 Qg6+
47. Kf1 Rh1+ 48. Kf2 Qg3# 0-1

[Event "DEM U12 2016"]
[Site "Willingen GER"]
[Date "2016.05.18"]
[Round "6"]
[White "Wu, Leon"]
[Black "Li, Simon"]
[Result "1-0"]
[Termination "normal"]
[Board "3"]
[WhiteElo "1743"]
[BlackElo "1960"]
[WhiteClock "00:15:57"]
[BlackClock "00:18:09"]
[PlyCount "87"]
[WhiteFideId "12977438"]
[BlackFideId "12972134"]
[EventCountry "GER"]
[EventRounds "11"]
[EventType "swiss"]
[EventDate "2016.05.14"]

1. e4 c5 2. Nf3 Nc6 3. d4 cxd4 4. Nxd4 g6 5. Nc3 Bg7 6. Be3 Nf6 7. Bc4 O-O 8.
Bb3 d6 9. f3 Bd7 10. Qd2 Nxd4 11. Bxd4 b5 12. g4 a5 13. h4 a4 14. Bd5 Rc8 15.
a3 e5 16. Be3 h5 17. gxh5 Nxh5 18. Ba2 Bf6 19. O-O-O Qa5 20. Nd5 Qxd2+ 21. Rxd2
Bd8 22. Bg5 Be6 23. Kb1 Re8 24. Bxd8 Bxd5 25. Rxd5 Rexd8 26. Rxb5 Nf4 27. Ra5
Ra8 28. Rxa8 Rxa8 29. Rd1 Ra6 30. Bc4 Rb6 31. Rd2 Kf8 32. Ka2 Ke7 33. b3 axb3+
34. cxb3 Rb8 35. a4 Rh8 36. a5 Rxh4 37. Ka3 f5 38. exf5 gxf5 39. a6 Rh8 40. Ka4
e4 41. fxe4 fxe4 42. Rd4 Kd7 43. Rxe4 Rf8 44. a7 1-0

[Event "DEM U12 2016"]
[Site "Willingen GER"]
[Date "2016.05.18"]
[Round "6"]
[White "Trifan, Andrei Ioan"]
[Black "Haufe, Laurin"]
[Result "1-0"]
[Termination "normal"]
[Board "4"]
[WhiteElo "2099"]
[BlackElo "1575"]
[WhiteClock "00:04:56"]
[BlackClock "00:01:29"]
[PlyCount "101"]
[WhiteFideId "12967068"]
[BlackFideId "12976504"]
[EventCountry "GER"]
[EventRounds "11"]
[EventType "swiss"]
[EventDate "2016.05.14"]

1. e4 c5 2. Nf3 d6 3. d4 cxd4 4. Nxd4 Nf6 5. f3 e5 6. Nb3 Be6 7. c4 a5 8. Be3
Be7 9. Be2 Nbd7 10. O-O O-O 11. Nc3 Nb6 12. Nd2 a4 13. Rc1 Kh8 14. b3 Bd7 15.
b4 Be6 16. a3 Re8 17. Qe1 Rc8 18. Nb5 Bd7 19. Qf2 Na8 20. Nc3 Rf8 21. Rfe1 Qc7
22. b5 Qa5 23. Ndb1 Be6 24. Bd2 Qd8 25. Nxa4 Nd7 26. Bb4 b6 27. Red1 Nc5 28.
Nxc5 bxc5 29. Bc3 Nb6 30. Bxe5 Qc7 31. Ba1 Ra8 32. Qg3 f6 33. f4 Ra4 34. Qb3
Rfa8 35. Bb2 Bd8 36. Nc3 R4a5 37. Nd5 Bxd5 38. cxd5 Qe7 39. e5 fxe5 40. fxe5
dxe5 41. d6 Qa7 42. Kh1 Nd7 43. Bf3 Rb8 44. Qf7 Bf6 45. Bc6 Nf8 46. d7 Rd8 47.
Rd6 Qc7 48. Rxf6 Nxd7 49. Re6 Qb8 50. Bxd7 Ra8 51. Bxe5 1-0

[Event "DEM U12 2016"]
[Site "Willingen GER"]
[Date "2016.05.18"]
[Round "6"]
[White "Nguyen, Alex Dac-Vuong"]
[Black "Kotyk, Michael"]
[Result "1-0"]
[Termination "normal"]
[Board "5"]
[WhiteElo "1899"]
[BlackElo "1818"]
[WhiteClock "00:56:20"]
[BlackClock "00:36:21"]
[PlyCount "47"]
[WhiteFideId "12984388"]
[BlackFideId "16214501"]
[EventCountry "GER"]
[EventRounds "11"]
[EventType "swiss"]
[EventDate "2016.05.14"]

1. e4 d6 2. d4 Nf6 3. Nc3 g6 4. f4 Bg7 5. Nf3 c6 6. Bd3 O-O 7. O-O Nbd7 8. Qe1
Qc7 9. e5 dxe5 10. fxe5 Nd5 11. Ng5 N7b6 12. Qh4 h5 13. e6 f5 14. Ne2 Qd8 15.
c3 Rf6 16. Nf4 c5 17. Nxg6 Rxg6 18. Qxh5 Rh6 19. Qf7+ Kh8 20. Qxf5 Bxe6 21.
Nxe6 Qg8 22. Bxh6 Bxh6 23. Qe5+ Nf6 24. Rxf6 1-0